000 01106nmm a2200289 a 4500
001 ocm000593357
003 TR-IsHL
005 20201028125653.0
008 110704s2007 tu tur
007 cr cn
020 _a9789944234115
035 _a593357
_b(N$T)
050 0 4 _aKKX500
_b.M43 2007
090 0 4 _aKKX500
_b.M43 2007
245 1 0 _aMedeni usul ve icra - iflas hukukçuları toplantısı II - III: istinaf derecesi, yargıtay kararlarının değerlendirilmesi, bilirkişilik, iflasın ertelenmesi, 3-5 Ekim 2003, 1-2 Ekim 2004, Eskişehir
_h[electronic resource] /
_cyay. haz. Muhammet Özekes
260 _aAnkara :
_bTürkiye Barolar Birliği,
_c2007
300 _a521 p.
650 4 _aHukuk
650 4 _aLaw
650 0 _aHukuk
_x Türkiye
_x Kongreler
650 0 _aLaw
_x Turkey
_x Congresses
650 0 _aHukuk Muhakemeleri Kanunu (HMK)
650 0 _aCode of Civil Procedure
_x Turkey
650 7 _aLAW / Civil Procedure
_2bisacsh
700 1 _aÖzekes, Muhammet
856 4 0 _uhttp://search.ebscohost.com/login.aspx?direct=true&scope=site&db=e011xww&AN=593357
999 _c3604
_d3604